00731nam a2200181 a 4500003000200000005001700002008004100019050002700060100002800087245015700115260009200272300004000364504004100404650001800445650003200463650002700495650002700522020250516145657.0021129s19uu xx 00 eng d aPGS QB 641b.T121 2001 aTadeo, Christian Lopez. aPerceptions of grade six students of Southville International School on the possibility of life on Mars, school year 2000-2001.cChristian Lopez Tadeo. aLas Piñas City, Philippines : bSouthville International School and Colleges,c2001. a29 pages :billustrations ;c28 cm. aIncludes bibliographical references. aLife on Mars. aMars (Planet)vExploration. aLife on other planets. aLife on other planets.